Województwa i ich stolice - Statystyki

Ogólne statystyki
  • Ten quiz został rozwiązany 20 022 razy
  • Średni wynik to 15 z 16
Statystyki odpowiedzi
Województwo Stolica % Poprawnych
łódzkie Łódź
98%
mazowieckie Warszawa
98%
pomorskie Gdańsk
96%
opolskie Opole
96%
małopolskie Kraków
95%
lubelskie Lublin
95%
dolnośląskie Wrocław
93%
kujawsko-pomorskie Bydgoszcz / Toruń
92%
zachodniopomorskie Szczecin
92%
śląskie Katowice
91%
wielkopolskie Poznań
91%
podlaskie Białystok
90%
lubuskie Gorzów Wielkopolski / Zielona Góra
90%
podkarpackie Rzeszów
85%
świętokrzyskie Kielce
84%
warmińsko-mazurskie Olsztyn
83%
Nie znaleziono quizów pasujących do podanych kryteriów
Rozkład punktacji
Procent ludzi z każdym wynikiem
Percentyl według liczby udzielonych odpowiedzi
Twoja historia wyników
Nie rozwiązałeś tego quizu